00689nam a2200217 a 4500001001000000003000900010005001700019007001000036008003700046020001500083040002200098082002600120100003000146245010000176260004000276300002900316490002000345650002900365650003400394700004300428000023191DO-SdBNP20241011122620.0000023191101130s1986 sp ac r 000 f spa d a8476347804 aBPMSUbspacBPMSU 4a843.8bV531J 19862221 aVerne, Julio,d1828-1905.10aJulio Verne : bDe la tierra a la luna /cJulio Verne ; traducción D. A. Ribot y Frontseré aBarcelona :bEdiciones Orbis,c1986 a209 p. :bil. ;c21 cm.0 aJulio Verne,v6 4aNovela juvenil francesa  4aLiteratura junvenil francesa 1 aRibot y Fontseré, D. A.etraductora